| 000 | 00905nas a2200277 4500 | ||
|---|---|---|---|
| 001 | BR2012005625 | ||
| 003 | BR-BrBNA | ||
| 005 | 20231205120918.0 | ||
| 007 | ta | ||
| 008 | 230509b bl.|||p| |||| 00| 00por d | ||
| 040 |
_aBR-BrBNA _bpor _cBiblioteca Nacional de Agricultura |
||
| 041 | _a(Pt) | ||
| 072 | _aH10 | ||
| 100 | 1 | _aMiranda, L.L.D. | |
| 100 | 1 | _aFracasso, J.V. | |
| 100 | 1 | _aCosta, V.P. | |
| 245 | 1 | _aInfluência da época de aplicação de nematicidas em soqueiras colhidas em início de safra sobre as populações de nematóides e a produtividade da cana-de-açúcar | |
| 650 | _aSOCA | ||
| 650 | _aCANA DE AÇÚCAR | ||
| 650 | _aPRODUTIVIDADE | ||
| 650 | _aNEMATÓIDE | ||
| 650 | _aNEMATICIDA | ||
| 773 | 0 |
_tNematologia Brasileira (Brazil) _xISSN 0102-2997 _g(Jun 2010), v. 34(2) p. 106-117 _wBR2012005625 |
|
| 909 |
_a202311 _bLúcia _c55 _dLúcia Elande |
||
| 942 |
_2AGRIS _n0 _cANA |
||
| 999 |
_c220942 _d220942 |
||